[Event "3. Memorial Oliver Gonzalez 2012 - B"]
[Site "Madrid ESP"]
[Date "2012.09.05"]
[Round "5.29"]
[White "Rosa Ramirez, Victor D"]
[Black "Yaniz Lana, Francisco Javier"]
[Result "1-0"]
[WhiteElo "1951"]
[BlackElo "1667"]
[PlyCount "101"]
[EventDate "2012.09.01"]
[EventType "swiss"]
[EventRounds "9"]
[EventCountry "ESP"]
[Source "lmi"]
[SourceDate "2012.09.01"]

1. e4 c5 2. c3 d5 3. exd5 Qxd5 4. d4 Nc6 5. Nf3 cxd4 6. cxd4 e5 7. Nc3 Bb4 8.
Bd2 Bxc3 9. Bxc3 exd4 10. Nxd4 Nxd4 11. Bxd4 Qe4+ 12. Qe2 Qxe2+ 13. Bxe2 f6 14.
O-O-O Bf5 15. Bh5+ g6 16. Rhe1+ Kf7 17. Bf3 Rc8+ 18. Bc3 b5 19. g4 Be6 20. Kb1
g5 21. Rd6 Re8 22. Rdxe6 Rd8 23. Ra6 Rd7 24. Bc6 Re7 25. Bd5+ Ke8 26. Rxe7+
Nxe7 27. Bxf6 Rf8 28. Bb3 Nc8 29. a4 Nb6 30. Bd4 bxa4 31. Bxa4+ Nxa4 32. Rxa4
Rf4 33. h3 a6 34. b3 Rf3 35. Kc2 Rxh3 36. Rxa6 Kf7 37. Rf6+ Ke7 38. Rf5 h6 39.
b4 Rh4 40. f3 Rh2+ 41. Kb3 Ke6 42. b5 Rh1 43. Kb4 Rd1 44. Kc5 Rc1+ 45. Kb6 Rd1
46. Bc5 Rd8 47. Kc7 Rg8 48. b6 h5 49. Rf8 Rg7+ 50. Kc8 h4 51. b7 1-0

[Event "3. Memorial Oliver Gonzalez 2012 - B"]
[Site "Madrid ESP"]
[Date "2012.09.05"]
[Round "5.31"]
[White "Sierra Bermejo, Gregorio"]
[Black "Garcia Serrano, Jose M. Ii"]
[Result "0-1"]
[WhiteElo "1664"]
[BlackElo "1896"]
[PlyCount "66"]
[EventDate "2012.09.01"]
[EventType "swiss"]
[EventRounds "9"]
[EventCountry "ESP"]
[Source "lmi"]
[SourceDate "2012.09.01"]

1. e4 e5 2. Nf3 Nc6 3. Bb5 a6 4. Ba4 Nf6 5. O-O Be7 6. Re1 b5 7. Bb3 O-O 8. c3
d5 9. exd5 Nxd5 10. Nxe5 Nxe5 11. Rxe5 Nf6 12. d4 Bd6 13. Re2 Ng4 14. h3 Qh4
15. f4 Nh6 16. Qe1 Qh5 17. Bc2 Bd7 18. Be4 Rae8 19. Bf3 Qg6 20. Be4 f5 21. Bf3
Rxe2 22. Qxe2 Re8 23. Qf2 Qe6 24. Bd2 Kh8 25. b3 Ng8 26. g4 Nf6 27. gxf5 Qxf5
28. Qg2 h5 29. h4 Ng4 30. c4 Qd3 31. c5 Qxd4+ 32. Kh1 Qxa1 33. Bxg4 Qxb1+ 0-1

[Event "3. Memorial Oliver Gonzalez 2012 - B"]
[Site "Madrid ESP"]
[Date "2012.09.05"]
[Round "5.32"]
[White "Martinez Hernandez, Noemi"]
[Black "Romero Jaime, Pedro"]
[Result "1-0"]
[WhiteElo "1893"]
[BlackElo "1665"]
[PlyCount "85"]
[EventDate "2012.09.01"]
[EventType "swiss"]
[EventRounds "9"]
[EventCountry "ESP"]
[Source "lmi"]
[SourceDate "2012.09.01"]

1. d4 d5 2. c3 Nf6 3. e3 Bf5 4. f4 e6 5. Nf3 h6 6. Bd3 Bxd3 7. Qxd3 a6 8. O-O
c5 9. Nbd2 Nbd7 10. Ne5 Bd6 11. Kh1 cxd4 12. exd4 Rc8 13. Qg3 Nh5 14. Qg4 Ndf6
15. Qf3 g6 16. Qd3 Bxe5 17. fxe5 Nd7 18. b3 b5 19. Ba3 Nb6 20. Rac1 Nd7 21. g4
Ng7 22. Qf3 Nf5 23. gxf5 gxf5 24. Rg1 Nf8 25. Bxf8 Rxf8 26. Qe3 Rh8 27. Rg3 Kd7
28. Rh3 Qf8 29. c4 Qa3 30. Rc2 bxc4 31. bxc4 Qa4 32. Qb3 Qc6 33. c5 Rb8 34. Qc3
Qb5 35. Qd3 Qc6 36. Nb3 Rhg8 37. Rg3 Rg5 38. Rcg2 Rxg3 39. Rxg3 Rb5 40. Qd2 Qb7
41. Qxh6 Rb4 42. Qf8 Rxd4 43. Qd6+ 1-0

[Event "3. Memorial Oliver Gonzalez 2012 - B"]
[Site "Madrid ESP"]
[Date "2012.09.05"]
[Round "5.33"]
[White "Lianes Garcia, Marcos"]
[Black "Martinez Rubio, Felipe"]
[Result "1/2-1/2"]
[WhiteElo "1627"]
[BlackElo "1835"]
[PlyCount "117"]
[EventDate "2012.09.01"]
[EventType "swiss"]
[EventRounds "9"]
[EventCountry "ESP"]
[Source "lmi"]
[SourceDate "2012.09.01"]

1. d4 d5 2. c4 e5 3. dxe5 d4 4. Nf3 Nc6 5. a3 Nge7 6. Nbd2 Ng6 7. Nb3 Be6 8.
Nbxd4 Qd7 9. b3 Ngxe5 10. Nxe5 Nxe5 11. Bb2 O-O-O 12. e3 Rg8 13. Qc2 g6 14.
O-O-O f6 15. Nb5 Qxd1+ 16. Qxd1 Rxd1+ 17. Kxd1 Ng4 18. Ke1 a6 19. Nd4 Bd7 20.
h3 Nh6 21. Bd3 f5 22. Ke2 Bg7 23. Ba1 Nf7 24. Nf3 Bf8 25. b4 Be6 26. Nd4 Bd7
27. Nf3 a5 28. Bc3 axb4 29. axb4 Kb8 30. Rb1 Bg7 31. Bxg7 Rxg7 32. c5 g5 33.
Bc4 g4 34. hxg4 fxg4 35. Nd4 Ne5 36. Be6 h5 37. Bxd7 Nxd7 38. Rh1 Nf6 39. Ne6
Rh7 40. Nf4 c6 41. f3 h4 42. Ng6 gxf3+ 43. gxf3 Nd5 44. Rxh4 Rxh4 45. Nxh4 Nxb4
46. f4 Kc7 47. f5 Na6 48. Nf3 Nxc5 49. Nd4 Kd6 50. Kf3 Ke5 51. Kg4 Ne4 52. Nf3+
Kf6 53. Kf4 Nc5 54. e4 Nd3+ 55. Ke3 Nb4 56. Kf4 Nd3+ 57. Ke3 Nc5 58. Kf4 Nd3+
59. Ke3 1/2-1/2

[Event "3. Memorial Oliver Gonzalez 2012 - B"]
[Site "Madrid ESP"]
[Date "2012.09.05"]
[Round "5.34"]
[White "Perez Alvarez, Javier"]
[Black "Barragan Panal, Juan Jose"]
[Result "1/2-1/2"]
[WhiteElo "1834"]
[BlackElo "1649"]
[PlyCount "100"]
[EventDate "2012.09.01"]
[EventType "swiss"]
[EventRounds "9"]
[EventCountry "ESP"]
[Source "lmi"]
[SourceDate "2012.09.01"]

1. e4 c6 2. d4 d5 3. exd5 cxd5 4. Bd3 Nf6 5. c3 g6 6. Bf4 Bg7 7. Nd2 Nc6 8.
Ngf3 O-O 9. O-O Re8 10. h3 Nd7 11. Nb3 e5 12. dxe5 Ndxe5 13. Nxe5 Nxe5 14. Bb5
Nc6 15. Be3 a6 16. Bxc6 bxc6 17. Qd2 Bf5 18. Nc5 Qh4 19. Kh2 Be5+ 20. f4 Bc7
21. b4 g5 22. Qf2 Rxe3 23. Qxe3 Bxf4+ 24. Rxf4 Qxf4+ 25. Qxf4 gxf4 26. Rf1 a5
27. Rxf4 Be6 28. a3 axb4 29. axb4 Kg7 30. Rf3 Ra2 31. Kg3 Rc2 32. Na6 Bc8 33.
Nb8 d4 34. Nxc6 dxc3 35. Nd4 Rb2 36. Rxc3 Rxb4 37. Rxc8 Rxd4 38. Rc7 Kg6 39. h4
h5 40. Kh3 Rd3+ 41. g3 Re3 42. Kg2 Rd3 43. Rc6+ f6 44. Kf2 Rb3 45. Rc4 Ra3 46.
Re4 Rb3 47. Re3 Rb4 48. Kf3 Ra4 49. Re4 Ra3+ 50. Kf4 Ra1 1/2-1/2

[Event "3. Memorial Oliver Gonzalez 2012 - B"]
[Site "Madrid ESP"]
[Date "2012.09.05"]
[Round "5.35"]
[White "Martin Garcia, Francisco J"]
[Black "Leniz Martinez, Francisco"]
[Result "1-0"]
[WhiteElo "1609"]
[BlackElo "1834"]
[PlyCount "87"]
[EventDate "2012.09.01"]
[EventType "swiss"]
[EventRounds "9"]
[EventCountry "ESP"]
[Source "lmi"]
[SourceDate "2012.09.01"]

1. e4 c5 2. Nf3 e6 3. d4 cxd4 4. Nxd4 a6 5. c4 Nf6 6. Nc3 Qc7 7. Be3 Bb4 8. Qb3
Ba5 9. Qa3 Ng4 10. b4 Nxe3 11. fxe3 Bb6 12. Be2 Ba7 13. O-O O-O 14. c5 d6 15.
Ncb5 Qd8 16. Nxa7 Rxa7 17. Nb5 Ra8 18. Nxd6 Nc6 19. Rad1 Qg5 20. Nxc8 Raxc8 21.
Rd6 Ne5 22. Rfd1 Qg6 23. R1d4 h5 24. Qc1 Qg5 25. a3 h4 26. Rd1 Rc7 27. Qd2 Kh7
28. Rf1 Ra8 29. Rd1 Rcc8 30. Kh1 a5 31. Qc1 axb4 32. axb4 Rab8 33. b5 g6 34.
Rg1 Kg8 35. c6 bxc6 36. bxc6 Rb6 37. Qc5 Rbxc6 38. Rxc6 Rxc6 39. Qa7 Rc8 40.
Rd1 Kg7 41. Qd4 Rc2 42. Bf3 Kh6 43. Rg1 Nxf3 44. Qh8# 1-0

[Event "3. Memorial Oliver Gonzalez 2012 - B"]
[Site "Madrid ESP"]
[Date "2012.09.05"]
[Round "5.36"]
[White "Fernandez Garcia, Ignacio"]
[Black "Palenciano Escolar, Adrian"]
[Result "0-1"]
[WhiteElo "1832"]
[BlackElo "1640"]
[PlyCount "104"]
[EventDate "2012.09.01"]
[EventType "swiss"]
[EventRounds "9"]
[EventCountry "ESP"]
[Source "lmi"]
[SourceDate "2012.09.01"]

1. Nf3 c5 2. c4 Nc6 3. g3 g6 4. Nc3 Bg7 5. Bg2 d6 6. O-O Nf6 7. d3 O-O 8. Bd2
Bd7 9. a3 e6 10. Rb1 a5 11. b4 axb4 12. axb4 Nxb4 13. Nb5 Bxb5 14. cxb5 Nbd5
15. e4 Ne7 16. Ng5 h6 17. Nh3 d5 18. Qc1 dxe4 19. dxe4 Kh7 20. Rd1 b6 21. Bc3
Nd7 22. Nf4 Qc7 23. Bxg7 Kxg7 24. Qb2+ Kh7 25. e5 Ra7 26. Re1 Nf5 27. Qe2 Nd4
28. Qe4 Kg7 29. h4 Rd8 30. h5 Nf8 31. hxg6 fxg6 32. Bh3 Qb7 33. Qxb7+ Rxb7 34.
Bg2 Rc7 35. Be4 c4 36. Ne2 Nb3 37. Bc6 Na5 38. Rbc1 Nxc6 39. Rxc4 Rdc8 40. Rec1
Nd7 41. bxc6 Nxe5 42. Re4 Nd3 43. Rb1 Rxc6 44. Kg2 e5 45. Re3 Rd6 46. Rd1 Nf4+
47. gxf4 Rxd1 48. fxe5 Re1 49. f4 Rc2 50. Kf3 Rexe2 51. Rxe2 Rxe2 52. Kxe2 Kf7
0-1

[Event "3. Memorial Oliver Gonzalez 2012 - B"]
[Site "Madrid ESP"]
[Date "2012.09.05"]
[Round "5.37"]
[White "Tevar Becerra, Alvaro"]
[Black "Rodriguez Bachiller, Luis"]
[Result "0-1"]
[WhiteElo "1559"]
[BlackElo "1813"]
[PlyCount "54"]
[EventDate "2012.09.01"]
[EventType "swiss"]
[EventRounds "9"]
[EventCountry "ESP"]
[Source "lmi"]
[SourceDate "2012.09.01"]

1. e4 g6 2. d4 c6 3. Nf3 d5 4. exd5 cxd5 5. Bb5+ Bd7 6. Bxd7+ Nxd7 7. O-O Bg7
8. Nc3 e6 9. Re1 Ne7 10. Bf4 a6 11. Qd2 O-O 12. Bd6 Re8 13. Bxe7 Rxe7 14. Rad1
b5 15. Qe3 Nb6 16. Ne5 Rc7 17. Qc1 Rac8 18. a3 Nc4 19. Rd3 Nxa3 20. Rf3 Nc4 21.
Nxc4 Rxc4 22. Qf4 Qc7 23. Qg4 Rxd4 24. Qh3 Rd2 25. Rfe3 Bxc3 26. Rxc3 Qd7 27.
Ra3 Qa7 0-1

[Event "3. Memorial Oliver Gonzalez 2012 - B"]
[Site "Madrid ESP"]
[Date "2012.09.05"]
[Round "5.38"]
[White "Serrano Leiva, Ana"]
[Black "Callejo Hernanz, Jesus Maria"]
[Result "1/2-1/2"]
[WhiteElo "1539"]
[BlackElo "1798"]
[PlyCount "77"]
[EventDate "2012.09.01"]
[EventType "swiss"]
[EventRounds "9"]
[EventCountry "ESP"]
[Source "lmi"]
[SourceDate "2012.09.01"]

1. e4 c5 2. Nf3 d6 3. d4 Nf6 4. Nc3 cxd4 5. Nxd4 g6 6. Be2 Bg7 7. O-O O-O 8.
Bg5 Nc6 9. Nb3 b6 10. f4 Bb7 11. Bf3 Na5 12. Qe2 Rc8 13. Rad1 Rxc3 14. bxc3 Qc8
15. e5 Ba6 16. Qe3 Ng4 17. Bxg4 Qxg4 18. Bxe7 Re8 19. exd6 Bxf1 20. Rxf1 Nc6
21. f5 Be5 22. f6 Qh5 23. h3 Bxd6 24. Nd4 Nxe7 25. Qe4 Qe5 26. Qxe5 Bxe5 27.
fxe7 Rxe7 28. Nc6 Re8 29. Nxa7 Bxc3 30. Nb5 Bb4 31. Rf6 Bc5+ 32. Kf1 Re6 33.
Rxe6 fxe6 34. Ke2 Kf7 35. Kd3 Kf6 36. Ke4 e5 37. Nc7 Bd4 38. Nb5 Bc5 39. Nc7
1/2-1/2

[Event "3. Memorial Oliver Gonzalez 2012 - B"]
[Site "Madrid ESP"]
[Date "2012.09.05"]
[Round "5.39"]
[White "Diaz Begonte, Manuel"]
[Black "Duque Suarez, Leonardo"]
[Result "1-0"]
[WhiteElo "1776"]
[BlackElo "1640"]
[PlyCount "37"]
[EventDate "2012.09.01"]
[EventType "swiss"]
[EventRounds "9"]
[EventCountry "ESP"]
[Source "lmi"]
[SourceDate "2012.09.01"]

1. e4 c6 2. d4 d5 3. e5 Bf5 4. h4 c5 5. Bd3 Bxd3 6. Qxd3 Nc6 7. c3 cxd4 8. cxd4
Qb6 9. Ne2 e6 10. O-O h5 11. Nbc3 Nge7 12. Bg5 Nf5 13. Nxd5 exd5 14. Qxf5 Nxd4
15. Nxd4 Qxd4 16. e6 f6 17. Qg6+ Kd8 18. Qf7 Qa4 19. Bxf6+ 1-0

[Event "3. Memorial Oliver Gonzalez 2012 - B"]
[Site "Madrid ESP"]
[Date "2012.09.05"]
[Round "5.40"]
[White "Rodriguez Varela, Alvaro"]
[Black "Morona Minguez, Miguel"]
[Result "1/2-1/2"]
[WhiteElo "1752"]
[BlackElo "1631"]
[PlyCount "41"]
[EventDate "2012.09.01"]
[EventType "swiss"]
[EventRounds "9"]
[EventCountry "ESP"]
[Source "lmi"]
[SourceDate "2012.09.01"]

1. e4 e5 2. Nf3 Nc6 3. d4 exd4 4. Bc4 Nf6 5. O-O Nxe4 6. Re1 d5 7. Bxd5 Qxd5 8.
Nc3 Qf5 9. Nxe4 Be6 10. Nxd4 Nxd4 11. Qxd4 Rd8 12. Qa4+ b5 13. Ng3 Qxf2+ 14.
Kxf2 bxa4 15. Be3 a6 16. b3 Bb4 17. Red1 Rxd1 18. Rxd1 axb3 19. cxb3 O-O 20.
Rc1 Bd6 21. Rc6 1/2-1/2

[Event "3. Memorial Oliver Gonzalez 2012 - B"]
[Site "Madrid ESP"]
[Date "2012.09.05"]
[Round "5.41"]
[White "Cortijo Manso, Luis"]
[Black "Cabedo Marquez, Ramon"]
[Result "1-0"]
[WhiteElo "1534"]
[BlackElo "1751"]
[PlyCount "93"]
[EventDate "2012.09.01"]
[EventType "swiss"]
[EventRounds "9"]
[EventCountry "ESP"]
[Source "lmi"]
[SourceDate "2012.09.01"]

1. d4 d5 2. Nf3 Nc6 3. g3 g6 4. Bg2 Bg7 5. O-O Nf6 6. Nbd2 O-O 7. c4 e6 8. b3
b6 9. Bb2 a5 10. Re1 Re8 11. Ne5 Bb7 12. Ndf3 Nd7 13. Nxc6 Bxc6 14. Qc2 Bb7 15.
Rac1 c5 16. dxc5 Bxb2 17. Qxb2 bxc5 18. Qd2 d4 19. e3 e5 20. exd4 cxd4 21. Nxe5
Bxg2 22. Nxd7 Qxd7 23. Rxe8+ Rxe8 24. Kxg2 Qc6+ 25. Kg1 Qc5 26. Rd1 Re4 27. Qd3
f5 28. Kg2 Qc6 29. Qf3 Qe6 30. Rd2 Qe5 31. Qd1 Re1 32. Qf3 Re4 33. Qd3 Qe6 34.
f3 Re3 35. Qxd4 Re2+ 36. Rxe2 Qxe2+ 37. Qf2 Qe7 38. c5 Qc7 39. Qc2 Kf8 40. a3
Ke8 41. b4 axb4 42. axb4 Kd8 43. Qa2 Qb7 44. Qg8+ Kc7 45. Qxh7+ Kc6 46. Qxb7+
Kxb7 47. f4 1-0

[Event "3. Memorial Oliver Gonzalez 2012 - B"]
[Site "Madrid ESP"]
[Date "2012.09.05"]
[Round "5.42"]
[White "Alvarez Escudero, Manuel"]
[Black "Melcon Mediavilla, Rodrigo"]
[Result "1-0"]
[WhiteElo "1826"]
[BlackElo "1453"]
[PlyCount "45"]
[EventDate "2012.09.01"]
[EventType "swiss"]
[EventRounds "9"]
[EventCountry "ESP"]
[Source "lmi"]
[SourceDate "2012.09.01"]

1. e4 c5 2. Nf3 Nc6 3. c3 Nf6 4. e5 Ng4 5. d4 d6 6. h3 Nh6 7. Bxh6 gxh6 8. Bb5
Bd7 9. exd6 exd6 10. dxc5 dxc5 11. Qe2+ Be7 12. Ne5 Qc7 13. Nxd7 Qxd7 14. Nd2
a6 15. Ne4 axb5 16. Nf6+ Kd8 17. Nxd7 Kxd7 18. Qxb5 Kc7 19. O-O Rhg8 20. Rfe1
Bd6 21. a3 Ne5 22. Rxe5 Bxe5 23. Qxc5+ 1-0

[Event "3. Memorial Oliver Gonzalez 2012 - B"]
[Site "Madrid ESP"]
[Date "2012.09.05"]
[Round "5.43"]
[White "Yeves Miquel, Enrique"]
[Black "Melcon Diez, Enrique"]
[Result "1-0"]
[WhiteElo "1754"]
[BlackElo "1635"]
[PlyCount "75"]
[EventDate "2012.09.01"]
[EventType "swiss"]
[EventRounds "9"]
[EventCountry "ESP"]
[Source "lmi"]
[SourceDate "2012.09.01"]

1. d4 Nf6 2. c4 c5 3. d5 b5 4. Nf3 Bb7 5. Qc2 e6 6. dxe6 fxe6 7. cxb5 a6 8.
bxa6 Bxa6 9. e3 Bxf1 10. Kxf1 Nc6 11. Bd2 Be7 12. Bc3 O-O 13. Nbd2 Nd5 14. a3
Nxc3 15. Qxc3 Qb6 16. Rb1 d5 17. g3 c4 18. Kg2 Bf6 19. Qc2 Ra5 20. e4 Nd4 21.
Nxd4 Bxd4 22. Rhf1 Bxf2 23. Nxc4 dxc4 24. Rxf2 Rxf2+ 25. Qxf2 Qb7 26. Qd4 c3
27. Qd8+ Kf7 28. Rf1+ Kg6 29. Qxa5 Qxe4+ 30. Kh3 Qe2 31. Rf4 h5 32. Qxc3 e5 33.
Qf3 Qxf3 34. Rxf3 Kg5 35. Kg2 Kg4 36. h3+ Kg5 37. Rf8 g6 38. Kf3 1-0

[Event "3. Memorial Oliver Gonzalez 2012 - B"]
[Site "Madrid ESP"]
[Date "2012.09.05"]
[Round "5.44"]
[White "Folgar Lopez, Angel"]
[Black "Garcia Hernandez, Javier"]
[Result "0-1"]
[WhiteElo "1622"]
[BlackElo "1721"]
[PlyCount "92"]
[EventDate "2012.09.01"]
[EventType "swiss"]
[EventRounds "9"]
[EventCountry "ESP"]
[Source "lmi"]
[SourceDate "2012.09.01"]

1. d4 d5 2. Nf3 Nf6 3. e3 Bf5 4. Nbd2 h6 5. b3 e6 6. Bb2 Be7 7. g3 O-O 8. Bg2
Na6 9. a3 c6 10. O-O Rc8 11. b4 Nc7 12. Rc1 Nb5 13. c4 Nd6 14. c5 Nde4 15. Nxe4
Bxe4 16. Re1 Qe8 17. Qe2 Nd7 18. Bf1 Bd8 19. Nd2 Bg6 20. Bg2 Bc7 21. f4 Nf6 22.
Ba1 Rd8 23. Bb2 Qd7 24. Ba1 Rfe8 25. Bb2 Ra8 26. Ba1 a5 27. Bc3 axb4 28. Bxb4
Ba5 29. Ra1 Ra6 30. Reb1 Bxb1 31. Rxb1 Bxb4 32. axb4 Ra2 33. Qd3 Rea8 34. Nf3
R8a3 35. Qf1 Rxe3 36. Ne5 Qd8 37. f5 Ree2 38. Bh3 exf5 39. Qxf5 Qa8 40. Rf1 Ra1
41. Nd7 Nxd7 42. Qxf7+ Kh8 43. Qxd7 Qf8 44. Bf5 Re7 45. Qd6 Rxf1+ 46. Kxf1
Qxf5+ 0-1

[Event "3. Memorial Oliver Gonzalez 2012 - B"]
[Site "Madrid ESP"]
[Date "2012.09.05"]
[Round "5.45"]
[White "Hernandez Mateo, Borja"]
[Black "Cepas Castillo, Juan Carlos"]
[Result "1-0"]
[WhiteElo "1719"]
[BlackElo "1610"]
[PlyCount "67"]
[EventDate "2012.09.01"]
[EventType "swiss"]
[EventRounds "9"]
[EventCountry "ESP"]
[Source "lmi"]
[SourceDate "2012.09.01"]

1. e4 c6 2. c4 d5 3. exd5 cxd5 4. cxd5 Nf6 5. Nc3 Nxd5 6. Bc4 Nxc3 7. Qf3 e6 8.
bxc3 Qc7 9. Bb5+ Nd7 10. d4 Bd6 11. Ne2 O-O 12. Bd3 e5 13. Bh6 Re8 14. Qg3 g6
15. Qe3 Nf6 16. Qd2 Ng4 17. Be3 Nxe3 18. fxe3 Bd7 19. d5 e4 20. Bc2 Bxh2 21.
O-O-O Bd6 22. Rdf1 Ba3+ 23. Kd1 Bb5 24. Qd4 Bb2 25. Rxh7 Bxe2+ 26. Kxe2 Qe5 27.
Qxe5 Rxe5 28. Rfxf7 Bxc3 29. Rfg7+ Kf8 30. Rc7 Kg8 31. Bb3 Ree8 32. d6+ Kf8 33.
Rcf7+ Kg8 34. Rfg7+ 1-0

[Event "3. Memorial Oliver Gonzalez 2012 - B"]
[Site "Madrid ESP"]
[Date "2012.09.05"]
[Round "5.46"]
[White "Rodriguez Gomez, Jose"]
[Black "Ojosnegros Martin, Angel"]
[Result "0-1"]
[WhiteElo "1716"]
[BlackElo "1507"]
[PlyCount "66"]
[EventDate "2012.09.01"]
[EventType "swiss"]
[EventRounds "9"]
[EventCountry "ESP"]
[Source "lmi"]
[SourceDate "2012.09.01"]

1. e4 e5 2. Nf3 Nc6 3. Bb5 Bc5 4. c3 Bb6 5. d4 exd4 6. cxd4 d5 7. e5 Nge7 8.
Bg5 O-O 9. O-O Bg4 10. Bxc6 bxc6 11. Be3 Qd7 12. Nbd2 h6 13. Qa4 Ng6 14. Rac1
f5 15. exf6 Rxf6 16. Ne5 Nxe5 17. dxe5 Rg6 18. Bxb6 cxb6 19. f4 Bh3 20. Rf2 Qg4
21. g3 h5 22. Nf3 h4 23. Nxh4 Qxh4 24. Rxc6 Rxg3+ 25. Kh1 Bd7 26. Qc2 Bxc6 27.
Qxc6 Rd8 28. Qe6+ Kh8 29. Qf5 Qg4 30. Qb1 Re3 31. Qf1 d4 32. f5 Qe4+ 33. Kg1
Re1 0-1

[Event "3. Memorial Oliver Gonzalez 2012 - B"]
[Site "Madrid ESP"]
[Date "2012.09.05"]
[Round "5.48"]
[White "Benitez Cadenas, Luis Miguel"]
[Black "Hernandez Ramos, Alberto"]
[Result "1-0"]
[WhiteElo "1700"]
[BlackElo "1422"]
[PlyCount "51"]
[EventDate "2012.09.01"]
[EventType "swiss"]
[EventRounds "9"]
[EventCountry "ESP"]
[Source "lmi"]
[SourceDate "2012.09.01"]

1. d4 d5 2. g3 Nf6 3. Bg2 e6 4. Nf3 Nc6 5. O-O Bd6 6. c4 b6 7. Nc3 a6 8. Qb3
Na5 9. Qc2 Nxc4 10. e4 Be7 11. exd5 exd5 12. b3 Nd6 13. Ne5 Bb7 14. Bg5 c6 15.
Na4 Rc8 16. Bh3 Rc7 17. Nxb6 h6 18. Bd2 Nde4 19. Ba5 Bb4 20. Bxb4 Qb8 21. Ba3
Qd8 22. Rfe1 Ng8 23. f3 Ne7 24. fxe4 O-O 25. Qf2 dxe4 26. Nbd7 1-0

[Event "3. Memorial Oliver Gonzalez 2012 - B"]
[Site "Madrid ESP"]
[Date "2012.09.05"]
[Round "5.49"]
[White "Titeiu, Melania"]
[Black "Vazquez Cabeza, Isaac"]
[Result "1/2-1/2"]
[WhiteElo "1695"]
[BlackElo "1462"]
[PlyCount "59"]
[EventDate "2012.09.01"]
[EventType "swiss"]
[EventRounds "9"]
[EventCountry "ESP"]
[Source "lmi"]
[SourceDate "2012.09.01"]

1. c4 c5 2. Nc3 Nc6 3. Nf3 d6 4. g3 g6 5. Bg2 Bg7 6. a3 Nf6 7. e3 O-O 8. Qc2
Be6 9. d3 Qd7 10. h4 Rab8 11. Ng5 a6 12. Nxe6 Qxe6 13. Qe2 Nd7 14. Nd5 Nde5 15.
Bh3 f5 16. Nf4 Qd7 17. Bg2 Na5 18. Bd5+ Kh8 19. h5 g5 20. Ng6+ Nxg6 21. hxg6 h6
22. Qh5 Nb3 23. Rb1 Nxc1 24. Rxc1 e6 25. Bg2 b5 26. Qxg5 bxc4 27. Rxc4 Rxb2 28.
Rhh4 Rb1+ 29. Kd2 Rb2+ 30. Rc2 1/2-1/2

[Event "3. Memorial Oliver Gonzalez 2012 - B"]
[Site "Madrid ESP"]
[Date "2012.09.05"]
[Round "5.51"]
[White "Jarne Anguita, Miguel"]
[Black "Sanchez Gomez, Emiliano"]
[Result "0-1"]
[WhiteElo "1367"]
[BlackElo "1933"]
[PlyCount "52"]
[EventDate "2012.09.01"]
[EventType "swiss"]
[EventRounds "9"]
[EventCountry "ESP"]
[Source "lmi"]
[SourceDate "2012.09.01"]

1. d4 Nf6 2. Nf3 g6 3. e3 d5 4. Bd3 Bg7 5. O-O O-O 6. Nbd2 Nbd7 7. b3 c5 8. Bb2
b6 9. c4 e6 10. Rc1 Bb7 11. Ne5 Nxe5 12. dxe5 Nd7 13. f4 f6 14. Nf3 Qe7 15. Rc2
fxe5 16. Nxe5 Nxe5 17. Bxe5 Bxe5 18. fxe5 Qg5 19. Rf3 Rxf3 20. Qxf3 Rf8 21. Qg3
Qxg3 22. hxg3 Kg7 23. Rf2 Rxf2 24. Kxf2 Kh6 25. Kf3 dxc4+ 26. Kf2 cxd3 0-1

[Event "3. Memorial Oliver Gonzalez 2012 - B"]
[Site "Madrid ESP"]
[Date "2012.09.06"]
[Round "6.1"]
[White "Fernandez Gil, Ruben Carlos"]
[Black "Lopez De Turiso, Jose Angel"]
[Result "1-0"]
[WhiteElo "1891"]
[BlackElo "2046"]
[PlyCount "89"]
[EventDate "2012.09.01"]
[EventType "swiss"]
[EventRounds "9"]
[EventCountry "ESP"]
[Source "lmi"]
[SourceDate "2012.09.01"]

1. e4 e5 2. Nf3 Nc6 3. Bb5 Bc5 4. c3 f5 5. Nxe5 Nxe5 6. d4 Bb6 7. dxe5 Qh4 8.
Qe2 Qxe4 9. Qxe4 fxe4 10. Nd2 e3 11. fxe3 Bxe3 12. Ne4 Bxc1 13. Rxc1 Ke7 14.
O-O Nh6 15. Rce1 b6 16. Ng5 a5 17. Rd1 c6 18. Bd3 Ba6 19. Bxa6 Rxa6 20. Rd6 Ra7
21. h3 a4 22. Rfd1 Rf8 23. e6 Rd8 24. g4 Ng8 25. Nf7 Rf8 26. exd7 Kxf7 27. d8=Q
Rxd8 28. Rxd8 Ne7 29. R8d7 Rxd7 30. Rxd7 Ke6 31. Rb7 b5 32. Kf2 g5 33. Kf3 h6
34. Ke4 Nd5 35. Kd4 Kd6 36. Rh7 c5+ 37. Kd3 Ke5 38. Rxh6 b4 39. Kc4 Ne3+ 40.
Kxc5 a3 41. bxa3 bxc3 42. Kb4 c2 43. Rc6 Kd4 44. Kb3 Kd3 45. Kb2 1-0

[Event "3. Memorial Oliver Gonzalez 2012 - B"]
[Site "Madrid ESP"]
[Date "2012.09.06"]
[Round "6.2"]
[White "Morona Minguez, Irene"]
[Black "Abul, Qasem"]
[Result "1/2-1/2"]
[WhiteElo "1952"]
[BlackElo "2030"]
[PlyCount "131"]
[EventDate "2012.09.01"]
[EventType "swiss"]
[EventRounds "9"]
[EventCountry "ESP"]
[Source "lmi"]
[SourceDate "2012.09.01"]

1. e4 e5 2. Nf3 Nc6 3. Bb5 a6 4. Ba4 Nf6 5. O-O Be7 6. Re1 b5 7. Bb3 d6 8. c3
O-O 9. d4 Bg4 10. Be3 Re8 11. Nbd2 Bf8 12. d5 Na5 13. Bc2 h6 14. Nf1 g6 15. Ng3
Bg7 16. h3 Bd7 17. Nh2 Kh7 18. f4 Nc4 19. fxe5 Nxe3 20. Rxe3 dxe5 21. Rf3 Rf8
22. Qf1 Qe7 23. Qf2 Ne8 24. Rf1 Kg8 25. b3 h5 26. c4 c5 27. Rd1 Nd6 28. cxb5
axb5 29. a4 bxa4 30. bxa4 Ra5 31. Rb1 Rc8 32. Ne2 Bxa4 33. Ra1 Bxc2 34. Rxa5
Nxe4 35. Qe3 Qd6 36. Ra7 f5 37. Nc3 Nxc3 38. Qxc3 Be4 39. Rf2 Rc7 40. Rxc7 Qxc7
41. Qc4 Qd6 42. Rd2 Bh6 43. Re2 Bxd5 44. Qc3 e4 45. Nf1 Bg7 46. Qc1 Bd4+ 47.
Kh1 f4 48. Nd2 Qe6 49. Qb1 e3 50. Qb8+ Kh7 51. Qc7+ Qf7 52. Qxf7+ Bxf7 53. Nf3
Bc4 54. Rc2 Bd3 55. Rc1 Be4 56. Ng5+ Kh6 57. Nxe4 g5 58. Nxc5 g4 59. Ne6 Be5
60. hxg4 hxg4 61. Re1 Kg6 62. g3 f3 63. Rxe3 Bxg3 64. Nd4 Bf2 65. Rd3 Kg5 66.
Nxf3+ 1/2-1/2

[Event "3. Memorial Oliver Gonzalez 2012 - B"]
[Site "Madrid ESP"]
[Date "2012.09.06"]
[Round "6.3"]
[White "Vazquez Gonzalez, Jesus"]
[Black "Noval Toldos, Francisco Javier"]
[Result "1-0"]
[WhiteElo "2061"]
[BlackElo "1956"]
[PlyCount "57"]
[EventDate "2012.09.01"]
[EventType "swiss"]
[EventRounds "9"]
[EventCountry "ESP"]
[Source "lmi"]
[SourceDate "2012.09.01"]

1. e4 c6 2. d4 d5 3. exd5 cxd5 4. Bd3 Nf6 5. c3 Nc6 6. Bf4 Bg4 7. Qb3 Qc8 8.
Nd2 e6 9. Ngf3 Be7 10. O-O O-O 11. Rae1 a6 12. h3 Bh5 13. Re3 b5 14. Ne5 Na5
15. Qc2 Bg6 16. Bg5 Nc4 17. Nxg6 hxg6 18. Rf3 Qd7 19. h4 Rfc8 20. Rh3 Nh5 21.
Be3 Bd6 22. b3 Nxe3 23. fxe3 e5 24. Bxg6 fxg6 25. Qxg6 Ng3 26. Rxg3 exd4 27.
Rgf3 Bf8 28. Rf7 Qc6 29. Rxf8+ 1-0